| 000 | 00448 a2200157 4500 | ||
|---|---|---|---|
| 999 |
_c9095 _d9095 |
||
| 020 | _a9780253213099 | ||
| 050 | _aHQ1787 BER 1999 | ||
| 100 |
_aBerger, Iris _eauthor |
||
| 245 | _aWoman in sub-Saharan Africa/ | ||
| 264 |
_aBBloomington: _bIndiana University Press; _c1999 |
||
| 300 |
_axxii,169p.; _bill. |
||
| 500 | _aIncludes index | ||
| 650 | _aRestoring women to history | ||
| 700 |
_aFrances White, E _eauthor |
||
| 942 |
_2lcc _cBK _h1787 _iBER _kHQ |
||